| 000 | 00664nam a2200205 a 4500 | ||
|---|---|---|---|
| 001 | 000005402 | ||
| 005 | 20200929151652.0 | ||
| 008 | 090819s2000 es a 001 spa d | ||
| 020 | _a8400079890 | ||
| 040 | _aDO-SdBNP | ||
| 082 |
_a401.43 _bC972h |
||
| 100 | 1 |
_aCunchillos, Jesús - Luis _915333 |
|
| 245 | 1 | 0 |
_aHermeneumática : _bartículos y conferencias. / _cJesús - Luis Cunchillos. |
| 260 |
_aMadrid, : _bConsejo Superior de Investigaciones Científicas, _c2000. |
||
| 300 |
_a391 p. : _bil ; _c24 cm. |
||
| 440 | 0 |
_aMonografías _v5 _915334 |
|
| 500 | _aIncluye tabla de contenido | ||
| 650 | 4 |
_aLenguas semiticas _bPROCESOS DE DATOS _915335 |
|
| 049 | _BNPD | ||
| 999 |
_c5202 _d5202 |
||